Watchmojo Horror Grab Bag: Sub-Genres Quiz Stats

 Plays Quiz not verified by Sporcle

Challenge
Share
Tweet
Embed
Score 0/120 Timer 20:00
0 Plays Today
Hint Answer % Correct
Top 10 Action Horror MoviesThe Thing
96.3%
Top 10 Action Horror Movies28 Days Later
96.3%
Top 10 Cabin in the Woods Horror Movies The Evil Dead
96.3%
Top 10 Teen Horror Movies (MsMojo)Scream
94.4%
Top 10 Teen Horror Movies (MsMojo)Halloween
94.4%
Top 10 Action Horror MoviesAliens
92.6%
Top 10 Action Horror MoviesPredator
92.6%
Top 10 Teen Horror Movies (MsMojo)Carrie
92.6%
Top 10 Teen Horror Movies (MsMojo)Friday the 13th
92.6%
Top 10 Teen Horror Movies (MsMojo)Final Destination
92.6%
Top 10 Cabin in the Woods Horror Movies Friday the 13th
92.6%
Top 10 Teen Horror Movies (MsMojo)A Nightmare on Elm St.
90.7%
Top 10 Teen Horror Movies (MsMojo)It Follows
90.7%
Top 10 Teen Horror Movies (MsMojo)I Know What You Did Last Summer
90.7%
Top 10 Cabin in the Woods Horror Movies The Cabin in the Woods
90.7%
‬‪Top 10 Torture Porn MoviesSaw franchise
89.5%
‪Top 10 Body Horror MoviesAlien
89.5%
Top 10 Best Sci-Fi Horror MoviesAlien
89.5%
‪Top 10 Cult Classics: HorrorThe Evil Dead
89.1%
Top 10 Teen Horror Movies (MsMojo)Sleepaway Camp
88.9%
Top 10 Cabin in the Woods Horror Movies Sleepaway Camp
88.9%
Top 10 Action Horror MoviesArmy of Darkness
87%
Top 10 Cabin in the Woods Horror Movies The Strangers
87%
Top 10 Cabin in the Woods Horror Movies Tucker and Dale vs Evil
87%
‪Top 10 Cult Classics: HorrorThe Thing
85.6%
‪Top 10 Body Horror MoviesThe Thing
85.6%
Top 10 Best Sci-Fi Horror MoviesThe Thing
85.6%
Top 10 Best Sci-Fi Horror Movies28 Days Later
84.7%
Top 10 Found Footage MoviesThe Blair Witch Project
83.4%
‬‪Top 10 Horror ComediesShaun of the Dead
81.7%
‬‪Top 10 Torture Porn MoviesHostel
81.2%
Top 10 Action Horror MoviesThey Live
79.6%
‪Top 10 Cult Classics: HorrorThe Texas Chainsaw Massacre
79.5%
Top 10 Action Horror MoviesFrom Dusk Till Dawn
75.9%
‪Top 10 Body Horror MoviesThe Fly
75.1%
Top 10 Best Sci-Fi Horror MoviesThe Fly
75.1%
‬‪Top 10 Scariest Christmas Horror MoviesBlack Christmas
74.7%
Top 10 Cabin in the Woods Horror Movies Dead Snow
74.1%
‬‪Top 10 Horror ComediesGremlins
72.9%
‪Top 10 Body Horror MoviesHellraiser
72.9%
Hint Answer % Correct
‬‪Top 10 Scariest Christmas Horror MoviesGremlins
72.9%
Top 10 Found Footage Movies[REC]
72.9%
‬‪Top 10 Horror ComediesArmy of Darkness
72.5%
Top 10 Action Horror MoviesBlade II
72.2%
Top 10 Cabin in the Woods Horror Movies Cabin Fever
72.2%
‬‪Top 10 Horror ComediesScary Movie
69.9%
Top 10 Found Footage MoviesParanormal Activity
69.9%
‬‪Top 10 Torture Porn MoviesThe Devil's Rejects
68.6%
‬‪Top 10 Horror ComediesBeetlejuice
68.1%
Top 10 Psychological ThrillersThe Silence of the Lambs
68.1%
‬‪Top 10 Horror ComediesBraindead/Dead Alive
65.9%
‪Top 10 Cult Classics: HorrorBraindead/Dead Alive
65.9%
‪Top 10 Home Invasion MoviesThe Last House on the Left
64.6%
‬‪Top 10 Torture Porn MoviesThe Passion of the Christ
64.2%
‬‪Top 10 Horror ComediesGhostbusters
63.8%
Top 10 Psychological ThrillersSe7en
63.3%
Top 10 Action Horror MoviesDog Soldiers
63%
Top 10 Teen Horror Movies (MsMojo)The Craft
63%
‬‪Top 10 Horror ComediesZombieland
62.9%
Top 10 Best Sci-Fi Horror MoviesFrankenstein
62.4%
‬‪Top 10 Scariest Christmas Horror MoviesSilent Night, Deadly Night
62%
‪Top 10 Cult Classics: HorrorVideodrome
59.8%
‪Top 10 Home Invasion MoviesHome Alone
59.8%
‪Top 10 Body Horror MoviesVideodrome
59.8%
‪Top 10 Cult Classics: HorrorThe Hills Have Eyes
59%
‪Top 10 Cult Classics: HorrorRe-Animator
58.5%
‪Top 10 Body Horror MoviesRe-Animator
58.5%
Top 10 Best Sci-Fi Horror MoviesRe-Animator
58.5%
Top 10 Psychological ThrillersVertigo
58.5%
‪Top 10 Home Invasion MoviesThe Strangers
58.1%
‬‪Top 10 Scariest Christmas Horror MoviesKrampus
57.6%
Top 10 Found Footage MoviesCloverfield
57.6%
Top 10 Psychological ThrillersBlack Swan
55%
‪Top 10 Home Invasion MoviesFunny Games
53.7%
Top 10 Psychological ThrillersFunny Games
53.7%
Top 10 Action Horror MoviesPlanet Terror
53.7%
‬‪Top 10 Torture Porn MoviesThe Human Centipede
53.3%
Top 10 Cabin in the Woods Horror Movies Secret Window
51.9%
Top 10 Best Sci-Fi Horror MoviesInvasion of the Body Snatchers
51.5%
Top 10 Psychological ThrillersAmerican Psycho
51.5%
Hint Answer % Correct
Top 10 Psychological ThrillersMemento
51.5%
‪Top 10 Home Invasion MoviesCape Fear (1991)
50.2%
‬‪Top 10 Torture Porn MoviesCannibal Holocaust
49.3%
Top 10 Found Footage MoviesCannibal Holocaust
49.3%
‬‪Top 10 Torture Porn MoviesFinal Destination franchise
45.9%
‪Top 10 Cult Classics: HorrorScanners
45.9%
Top 10 Found Footage MoviesDiary of the Dead
45.4%
‪Top 10 Cult Classics: HorrorThey Live
44.5%
‪Top 10 Home Invasion MoviesPanic Room
42.8%
‪Top 10 Home Invasion MoviesStraw Dogs
37.6%
‬‪Top 10 Horror ComediesTucker and Dale vs Evil
37.1%
‬‪Top 10 Torture Porn MoviesMartyrs
36.2%
‬‪Top 10 Torture Porn MoviesCube
35.8%
‪Top 10 Cult Classics: HorrorCube
35.8%
‬‪Top 10 Scariest Christmas Horror MoviesJack Frost
34.5%
‪Top 10 Body Horror MoviesDead Ringers
34.1%
Top 10 Best Sci-Fi Horror MoviesI am Legend
34.1%
Top 10 Best Sci-Fi Horror Movies10 Cloverfield Lane
33.6%
Top 10 Cabin in the Woods Horror Movies The Burning
33.3%
Top 10 Best Sci-Fi Horror MoviesSunshine
33.2%
Top 10 Found Footage MoviesTrollhunter
31%
Top 10 Psychological ThrillersJacob's Ladder
30.6%
‪Top 10 Body Horror MoviesTetsuo: The Iron Man
29.7%
‬‪Top 10 Horror ComediesAttack of the Killer Tomatoes
27.9%
‪Top 10 Home Invasion MoviesInside/À l'intérieur
27.5%
‬‪Top 10 Scariest Christmas Horror MoviesInside/À l'intérieur
27.5%
Top 10 Found Footage MoviesChronicle
27.5%
‪Top 10 Home Invasion MoviesWait Until Dark
27.1%
‪Top 10 Body Horror MoviesAltered States
24%
‪Top 10 Body Horror MoviesNaked Lunch
22.7%
‬‪Top 10 Scariest Christmas Horror MoviesSanta's Slay
21.4%
Top 10 Psychological ThrillersInsomnia
21.4%
Top 10 Psychological ThrillersThe Machinist
21.4%
‪Top 10 Home Invasion MoviesHard Candy
21%
Top 10 Found Footage MoviesMan Bites Dog
17.5%
‬‪Top 10 Scariest Christmas Horror MoviesChristmas Evil
16.6%
‬‪Top 10 Scariest Christmas Horror MoviesA Christmas Horror Story
13.5%
‬‪Top 10 Scariest Christmas Horror MoviesRare Exports: A Christmas Tale
10.9%
‬‪Top 10 Torture Porn MoviesUntraceable
10.5%
Top 10 Found Footage MoviesProject X
10%

You're not logged in!

Compare scores with friends on all Sporcle quizzes.
Join for Free
OR
Log In

You Might Also Like...

Show Comments

Extras

Top Quizzes Today


Score Distribution

Your Account Isn't Verified!

In order to create a playlist on Sporcle, you need to verify the email address you used during registration. Go to your Sporcle Settings to finish the process.

Report this User

Report this user for behavior that violates our Community Guidelines.

Details: